| Поле | Инд. | ПП | Название | Значение |
|---|---|---|---|---|
| Тип записи | a | |||
| Библиографический уровень | a | |||
| 001 | Контрольный номер | 8c3130328051421891980ea959e4e33d | ||
| 005 | Дата корректировки | 20260702140717.2 | ||
| 040 | a | Служба первич. каталог. | 10013504 | |
| 041 | 0_ | a | Код языка текста | rus |
| 100 | 1_ | a | Автор | Савкин М.И. |
| q | Полное имя | Савкин М.И. | ||
| 245 | 10 | a | Заглавие | О самонастройке систем, работающих на границе устойчивости |
| 504 | a | Библиография | Библиогр.: с. 133 (11 назв.) | |
| 653 | 0_ | a | Ключевые слова | АВТОР МАИ |
| 773 | 18 | a | Заголовок основной записи | Московский авиационный институт им. С. Орджоникидзе |
| w | Контрольный № источника | fbfa3087e78d41ac9e797376397df740 | ||
| t | Название источника | Труды института | ||
| d | Место и дата издания | Москва : МАИ, 1970 | ||
| g | Прочая информация | Вып. 216. - С. 105-133 | ||
| 901 | t | Тип документа | a |